| 000 | 00822nam a22002057a 4500 | ||
|---|---|---|---|
| 999 |
_c11609 _d11609 |
||
| 003 | AR-CdUCM | ||
| 008 | 190404b ||||| |||| 00| 0 spa d | ||
| 040 |
_aMUNICIPALIDAD PROVINCIAL DEL CUSCO _cBIBLIOTECA MUNICIPAL DEL CUSCO |
||
| 082 |
_a868.69 / _bV23 / 1924 |
||
| 100 |
_aValle Inclan, Ramón _929062 |
||
| 245 |
_aLuces de bohemia : _bEsperpento lo saca a luz / |
||
| 260 |
_aMadrid : _bCervantina, _c1924. |
||
| 300 |
_a298 páginas _c17 cm. |
||
| 505 | _aContenido : Esperpento de luces de bohemia escena primera hora crepuscular -- Esperpento de luces de bohemia escena segunda la cueva -- Esperpento de luces de bohemia escena tercera la taberna de picalagartos ... | ||
| 650 |
_aLiteratura _983 |
||
| 650 |
_aSiglo XX _98 |
||
| 650 |
_aEspañola _924066 |
||
| 942 |
_2ddc _cLIBROS |
||
| 945 |
_arah _d04/04/2019 |
||